Avatar Intro text/lyrics [The last airbender, Aang] - Statistics

General Stats
  • This quiz has been taken 766 times
  • The average score is 7 of 10
Answer Stats
Answer % Correct
Long ago, the four nations lived together in {harmony}.
96%
Then, everything changed when {the} {fire} {nation} {attacked}.
90%
{Water}. {Earth}. {Fire}. Air
90%
but when the world needed him most, {he} {vanished}.
87%
Only the avatar, {master} {of} {all} {four} {elements}, could stop them,
78%
an {airbender} {named} {aang}.
65%
And although {his} {airbending} {skills} are great,
57%
But i believe {aang} {can} {save} {the} {world}!
51%
he has a lot to learn before {he's} {ready} {to} {save} {anyone}.
33%
{A} {hundered} {years} {passed} and my brother and I discovered the new avatar,
17%
No matching quizzes found
Score Distribution
Percent of People with Each Score
Percentile by Number Answered
Your Score History
You have not taken this quiz